| 000 | 00405cam a22001337a 4500 | ||
|---|---|---|---|
| 008 | 180718b1978 xxu||||| |||| 00| 0 eng d | ||
| 082 | _aL69x54 D741 | ||
| 100 | _aDoss, Veda | ||
| 245 |
_aImpact of planning on centre - state financial relations in India _cby Veda Doss |
||
| 260 |
_aDelhi _bNational _c1978 |
||
| 300 | _a239p. | ||
| 650 | _aFederal aid - India | ||
| 650 | _aFederal - Stae relations - India | ||
| 999 |
_c343191 _d343191 |
||